000 00476nam a22001697a 4500
003 BD-ChCU
005 20260126095829.0
008 260126b bg ||||| |||| 00| 0 ben d
040 _cBD-ChCU
082 _aREF 621.379 SYT
100 _aSydenham , Peter H.
_919658
245 _aTransducers in measurement and control ./
_cPeter H. Sydenham.
260 _aLondon :
_bAdam Hilger
_cC 1980
300 _a99p
650 0 _aElectric Measurements .
_919660
942 _2ddc
_cBK
_n0
999 _c111262
_d111262